[Event "Piacenza Region-ch"]
[Site "Piacenza"]
[Date "2024.01.27"]
[Round "3"]
[White "Perrone, Agostino"]
[Black "De Simone, Alessandro"]
[Result "1-0"]
[WhiteElo "1368"]
[BlackElo "1427"]
[PlyCount "41"]
[EventDate "2024.01.26"]
[EventType "swiss"]
[EventRounds "5"]
[EventCountry "ITA"]
[SourceTitle "CB06_2024"]
[SourceDate "2024.02.07"]
[SourceVersion "1"]
[SourceVersionDate "2024.02.07"]
[SourceQuality "1"]

1. d4 d5 2. Bf4 Nf6 3. e3 Bf5 4. c4 e6 5. Qb3 b6 6. Nc3 a6 7. Nf3 dxc4 8. Bxc4 Nc6 9. a3 Be7 10. 0-0 0-0 11. Be2 Nh5 12. Be5 f6 13. Nh4 Na5 14. Qa2 fxe5 15. Nxf5 Rxf5 16. Qxe6+ Rf7 17. Bxh5 g6 18. Bf3 c6 19. dxe5 Qc8 20. Qxc8+ Rxc8 21. Bg4 1-0